[Event "Pan American-ch School U15"]
[Site "Medellin"]
[Date "2019.11.13"]
[Round "3"]
[White "Portillo Fernandez, Isaac Jesus"]
[Black "Campos Perilla, Felix Santiago"]
[Result "1-0"]
[WhiteElo "1630"]
[BlackElo "1492"]
[PlyCount "113"]
[EventDate "2019.11.12"]
[EventType "swiss"]
[EventRounds "9"]
[EventCountry "COL"]
[SourceTitle "CBM 193 Extra"]
[Source "ChessBase"]
[SourceDate "2020.01.31"]
[SourceVersion "1"]
[SourceVersionDate "2020.01.31"]
[SourceQuality "1"]

1. e4 e5 2. Nf3 Nc6 3. Nc3 Nf6 4. Bb5 Nd4 5. Bc4 d6 6. h3 Be7 7. 0-0 Be6 8. d3 Nxf3+ 9. Qxf3 0-0 10. Be3 c6 11. Bg5 h6 12. Bh4 b5 13. Bb3 a5 14. a4 b4 15. Ne2 d5 16. Bxf6 Bxf6 17. Ng3 g6 18. Rad1 Bg7 19. Rfe1 Qc7 20. c4 d4 21. Rd2 Kh7 22. Rf1 c5 23. Bd1 f5 24. exf5 Bxf5 25. Nxf5 gxf5 26. Qh5 Rf6 27. Bf3 Raf8 28. Bd5 Qd7 29. b3 Rg6 30. f4 Qe8 31. Qf3 exf4 32. Re2 Qd7 33. Qxf4 Rff6 34. Rfe1 Bf8 35. Be6 Qd6 36. Qxd6 Bxd6 37. Bd5 h5 38. Re8 h4 39. Ra8 f4 40. Be4 f3 41. Bxg6+ Kxg6 42. gxf3 Rxf3 43. Re6+ Kf5 44. Rxd6 Rxd3 45. Rxa5 Ke4 46. Rxc5 Kf3 47. Rf6+ Kg3 48. Rg5+ Kxh3 49. Rf2 Rd1+ 50. Rf1 Rd3 51. Kf2 Rd2+ 52. Ke1 Ra2 53. Rh1+ Rh2 54. Rxh2+ Kxh2 55. a5 h3 56. Kf2 d3 57. Rd5 1-0

[Event "VEN-ch U20"]
[Site "Maracay"]
[Date "2018.05.31"]
[Round "2"]
[White "Portillo Fernandez, Isaac Jesus"]
[Black "Romero Marino, Samuel David"]
[Result "0-1"]
[WhiteElo "1476"]
[BlackElo "1876"]
[PlyCount "42"]
[EventDate "2018.05.31"]
[EventType "swiss"]
[EventRounds "7"]
[EventCountry "VEN"]
[SourceTitle "EXT 2019"]
[Source "ChessBase"]
[SourceDate "2018.10.10"]
[SourceVersion "1"]
[SourceVersionDate "2018.10.10"]
[SourceQuality "1"]

1. e4 c5 2. c3 d6 3. d4 Nf6 4. Qc2 Qc7 5. Nf3 Bg4 6. dxc5 dxc5 7. Be2 Nc6 8. Be3 e6 9. Nbd2 Bd6 10. 0-0-0 0-0 11. h3 Bxf3 12. gxf3 Qa5 13. Rhg1 Rfd8 14. Bh6 g6 15. f4 Bf8 16. Bxf8 Kxf8 17. e5 Qxa2 18. Bc4 Qa1+ 19. Nb1 Nxe5 20. Be2 c4 21. Rg3 Nh5 0-1